000 00672nas a2200229 4500
001 BR8107477
003 BR-BrBNA
005 20231205084910.0
007 ta
008 230509b bl.|||p| |||| 00| 00por d
040 _aBR-BrBNA
_bpor
_cBiblioteca Nacional de Agricultura
041 _a(Pt)
072 _aF00
100 1 _aTomasini, R.G.A.
245 1 _aLinho: uma opcao para rotacao com trigo [Linum usitatissimum, Triticum aestivum]
650 _aLINHO
650 _aTRIGO
650 _aROTACAO DE CULTURA
773 0 _tLavoura Pecuaria (Brazil)
_x
_g(Mar 1981), v. 4(15) p. 26-29
_wBR8107477
909 _a202311
_bLúcia
_c55
_dLúcia Elande
942 _2AGRIS
_n0
_cANA
999 _c107990
_d107990